00325nam a22000977a 4500008004100000082001800041100003400059245009000093260003500183300000900218230605b xxu||||| |||| 00| 0 eng d a328.3658bKNA cKenya National Assemblyd2008 aA Guide to the Budget Process in Kenya a Glossary of Terms Used in the Budget Process aNairobibParliament Buildings  a40 p